Aufgabe, die planmässige ideologische Umgestaltung der Universitäten : staatliche Hochschulpolitik im Land Mecklenburg-Vorpommern 1945 bis 1950 /

Bibliographic Details
Main Author: Seils, Markus
Format: Book
Language:German
Published: Schwerin : Landesbeauftragter für Mecklenburg-Vorpommern für die Unterlagen des Staatssicherheitsdienstes der Ehemaligen Deutschen Demokratischen Republik, 1996.
Subjects:

MARC

Tag First Indicator Second Indicator Subfields
LEADER 00000cam a22000004a 4500
001 in00001389821
005 20151019173510.0
008 970924s1996 gw b 001 0 ger
010 |a  97189860  
035 |a (OCoLC)ocm45137847 
035 |a 45137847 
040 |a DLC  |c DLC  |d TXA  |d UtOrBLW 
042 |a pcc 
043 |a e-ge--- 
049 |a TXAM 
050 0 0 |a LC178.G3  |b S45 1996 
100 1 |a Seils, Markus. 
245 1 0 |a Aufgabe, die planmässige ideologische Umgestaltung der Universitäten :  |b staatliche Hochschulpolitik im Land Mecklenburg-Vorpommern 1945 bis 1950 /  |c Markus Seils. 
246 1 4 |a Auftrag, die planmässige ideologische Umgestaltung der Universitäten 
246 3 0 |a Planmässige ideologische Umgestaltung der Universitäten 
264 1 |a Schwerin :  |b Landesbeauftragter für Mecklenburg-Vorpommern für die Unterlagen des Staatssicherheitsdienstes der Ehemaligen Deutschen Demokratischen Republik,  |c 1996. 
300 |a 156 pages ;  |c 21 cm. 
336 |a text  |b txt  |2 rdacontent 
337 |a unmediated  |b n  |2 rdamedia 
338 |a volume  |b nc  |2 rdacarrier 
504 |a Includes bibliographical references (pages 147-152) and index. 
650 0 |a Higher education and state  |z Germany  |z Mecklenburg-Vorpommern  |x History. 
610 2 0 |a Universität Rostock  |x History  |y 20th century. 
610 2 0 |a Ernst-Moritz-Arndt-Universität Greifswald  |x History  |y 20th century. 
948 |a cataloged  |b h  |c 2001/6/8  |d c  |e jmarner  |f 11:54:09 am 
994 |a E0  |b TXA 
999 |a MARS 
999 f f |s 16a89edb-191a-35eb-816a-fb771f151fd5  |i ea29c118-dd8f-3d66-be6a-96084da53f47  |t 0 
952 f f |p normal  |a Texas A&M University  |b College Station  |c Sterling C. Evans Library  |d Evans: Library Stacks  |t 0  |e LC178.G3 S45 1996  |h Library of Congress classification  |i unmediated -- volume  |m A14827676413 
998 f f |a LC178.G3 S45 1996  |t 0  |l Evans: Library Stacks